Деловое досье фирмы: Краткое пособие по делопроизводству

מידע ביבליוגרפי
סיכום:Исключено из фонда НТБ ТПУ
שפה:רוסית
יצא לאור: Москва, 1993
פורמט: ספר
KOHA link:https://koha.lib.tpu.ru/cgi-bin/koha/opac-detail.pl?biblionumber=17807

MARC

LEADER 00000nam0a2200000 4500
001 17807
005 20231030191040.0
010 |a 5869800293 
035 |a (RuTPU)RU\TPU\book\17955 
035 |a BOOK00000012 
090 |a 17807 
100 |a 20011209d1993 m y0rusy50 ca 
101 0 |a rus 
102 |a RU 
105 |a y z 000zy 
200 1 |a Деловое досье фирмы  |e Краткое пособие по делопроизводству 
210 |a Москва  |d 1993 
215 |a 88 с. 
333 |a Исключено из фонда НТБ ТПУ 
801 0 |a RU  |b 63413507  |c 20011209  |g PSBO 
801 2 |a RU  |b 63413507  |c 20150824  |g PSBO 
942 |c BK